000 00530nam a22001697a 4500
008 221028b |||||||| |||| 00| 0 eng d
020 _a0750709502
050 _aLB1028.5
_b.A23 2001
100 _aAbbott, Chris
245 _aICT:
_bChanging education
_cChris Abbott
260 _aLondon
_bRoutledge
_c2001
300 _axiii, 128p.
650 _aComputer-assisted instruction
_vSocial aspects
650 _aInternet (Computer network) in education
_vSocial aspects
650 _aEducational techology
_vHistory
942 _2lcc
_cBK
999 _c19727
_d19726